| 000 | 01085aab a2200217 i 4500 | ||
|---|---|---|---|
| 001 | 768714001 | ||
| 003 | CO-MdFUSB | ||
| 005 | 20250304163430.0 | ||
| 008 | 170812s1987 cr ||||| |||| 00| 0 spa d | ||
| 040 |
_aCO-MdFUSB _bspa _cCO-MdFUSB _dCO-MdFUSB |
||
| 041 | _aspa | ||
| 100 | 1 |
_aLea, Larry _eautor |
|
| 245 | 1 | 0 |
_aRespuestas a cinco preguntas sobre la tarea mas dura (y más santa) de todas _c/ Larry Lea |
| 300 |
_aVolumen 1. Número 6 (1988), páginas 120-123 _c: 28 cm. |
||
| 520 | _aEste texto refleja la importancia de la oración en la vida cristiana, destacando tanto sus desafíos como su poder transformador. La oración no solo es una práctica vital, sino también una lucha constante en la que muchos creyentes se ven desafiados a superar obstáculos como la distracción, la falta de conocimiento y la duda sobre si Dios realmente escucha nuestras peticiones. | ||
| 546 | _aTexto en español | ||
| 650 | 7 |
_aOración _986 |
|
| 773 | 0 |
_tConquista Cristiana _049446 _960365 _gVolumen 1. Número 6 (1988), páginas 120-123 _qPágina 120 |
|
| 942 | _cANA | ||
| 945 | _aJTF-925 | ||
| 999 |
_c50379 _d50379 |
||